[Event "KM FIDE GP 2015"]
[Site "Khanty-Mansiysk RUS"]
[Date "2015.05.14"]
[Round "1.6"]
[White "Karjakin,Sergey"]
[Black "Nakamura,Hi"]
[Result "1/2-1/2"]
[WhiteElo "2753"]
[BlackElo "2799"]

1.e4 c5 2.Nf3 d6 3.d4 cxd4 4.Nxd4 Nf6 5.Nc3 g6 6.Be3 Bg7 7.f3 O-O 8.Qd2 Nc6
9.g4 Be6 10.O-O-O Nxd4 11.Bxd4 Qa5 12.Kb1 Rfc8 13.a3 Rab8 14.h4 b5 15.Nd5 Qxd2
16.Rxd2 Bxd5 17.exd5 a5 18.h5 Nd7 19.g5 Ne5 20.Be2 Nc4 21.Rdd1 b4 22.a4 Rc7
23.f4 Rf8 24.Rh3 Bxd4 25.Rxd4 Nb6 26.b3 Rc5 27.Rhd3 Rfc8 28.c4 bxc3 29.Kc2 Kf8
30.Bg4 R8c7  1/2-1/2

[Event "KM FIDE GP 2015"]
[Site "Khanty-Mansiysk RUS"]
[Date "2015.05.15"]
[Round "2.2"]
[White "Gelfand,B"]
[Black "Nakamura,Hi"]
[Result "1/2-1/2"]
[WhiteElo "2744"]
[BlackElo "2799"]

1.d4 Nf6 2.c4 g6 3.Nc3 Bg7 4.e4 d6 5.Nf3 O-O 6.Be2 e5 7.O-O Nc6 8.d5 Ne7
9.b4 Nh5 10.g3 f5 11.Ng5 Nf6 12.Bf3 fxe4 13.Ncxe4 h6 14.Ne6 Bxe6 15.dxe6 Qc8
16.Be3 Ne8 17.Bg2 Qxe6 18.Qb3 Kh7 19.b5 Nf5 20.Rad1 a6 21.Nc3 axb5 22.cxb5 Qxb3
23.axb3 Ra3 24.Rb1 Nxe3 25.fxe3 Rxf1+ 26.Kxf1 e4 27.Nxe4 Ra5 28.b6 c6 29.Rd1 d5
30.b4 Rb5 31.Nc5 Rxb4 32.e4 d4 33.e5 Rxb6 34.Rxd4 Rb1+ 35.Ke2 Rb2+ 36.Kf1 Bxe5
37.Re4 Bd6 38.Nxb7 Rb1+ 39.Re1 Rxe1+ 40.Kxe1 Bb4+ 41.Ke2 c5 42.Kd3 Nf6 43.Bf3 Nd7
44.Be2 Be1 45.Nd6 Bf2 46.Ke4 Bg1 47.Kf3 Ne5+ 48.Kg2 Bd4 49.Nc4 g5 50.Nxe5 Bxe5  1/2-1/2

[Event "KM FIDE GP 2015"]
[Site "Khanty-Mansiysk RUS"]
[Date "2015.05.16"]
[Round "3.6"]
[White "Nakamura,Hi"]
[Black "Giri,A"]
[Result "1/2-1/2"]
[WhiteElo "2799"]
[BlackElo "2776"]

1.e4 e5 2.Nf3 Nc6 3.Bc4 Bc5 4.c3 Nf6 5.d4 exd4 6.cxd4 Bb4+ 7.Nbd2 Nxe4 8.d5 Nxd2
9.Bxd2 Bxd2+ 10.Qxd2 Ne7 11.d6 cxd6 12.O-O d5 13.Bxd5 O-O 14.Rad1 Nxd5 15.Qxd5 d6
16.Qxd6 Qxd6 17.Rxd6 Be6 18.a3 Rfd8 19.Rd4 Rxd4 20.Nxd4 Rd8 21.Rd1 f6 22.f3 Kf7
23.Kf2 Rd5 24.Ke3 Re5+ 25.Kd3 Rc5 26.Re1 Bd7 27.Kd2 Rd5 28.Kc3 Rc5+ 29.Kd2 Rd5
30.Kc3 Rc5+ 31.Kd2  1/2-1/2

[Event "KM FIDE GP 2015"]
[Site "Khanty-Mansiysk RUS"]
[Date "2015.05.17"]
[Round "4.2"]
[White "Dominguez Perez,L"]
[Black "Nakamura,Hi"]
[Result "1/2-1/2"]
[WhiteElo "2734"]
[BlackElo "2799"]

1.e4 c5 2.Nf3 Nc6 3.d4 cxd4 4.Nxd4 e5 5.Nb5 d6 6.N1c3 a6 7.Na3 Be7 8.Be3 Nf6
9.Nc4 b5 10.Nb6 Rb8 11.Nxc8 Qxc8 12.Be2 O-O 13.O-O b4 14.Nd5 Nxe4 15.a3 Bd8
16.axb4 Nxb4 17.Nxb4 Rxb4 18.Bxa6 Qc6 19.Bd3 Rxb2 20.Ra6 Qb7 21.Ra7 Qc6 22.Ra6 Qb7
23.Ra7 Qc6  1/2-1/2

[Event "KM FIDE GP 2015"]
[Site "Khanty-Mansiysk RUS"]
[Date "2015.05.19"]
[Round "5.5"]
[White "Nakamura,Hi"]
[Black "Svidler,P"]
[Result "1/2-1/2"]
[WhiteElo "2799"]
[BlackElo "2734"]

1.d4 Nf6 2.c4 g6 3.Nc3 d5 4.Nf3 Bg7 5.h4 c6 6.Bg5 h6 7.Bxf6 Bxf6 8.h5 g5
9.e3 e6 10.Qc2 a6 11.O-O-O b5 12.c5 g4 13.Nh2 e5 14.Ne4 O-O 15.Nd6 Bg7 16.Nxc8 Qxc8
17.f3 g3 18.Ng4 Qe6 19.Nxe5 Bxe5 20.dxe5 Qxe5 21.e4 Nd7 22.exd5 cxd5 23.Kb1 Rfc8
24.Rh4 Rxc5 25.Qd2 Qd6 26.Rg4+ Kf8 27.Qd4 Nf6 28.Rf4 Rc6 29.Bd3 Re8 30.Rf5 Re6
31.a3  1/2-1/2

[Event "KM FIDE GP 2015"]
[Site "Khanty-Mansiysk RUS"]
[Date "2015.05.20"]
[Round "6.3"]
[White "Tomashevsky,E"]
[Black "Nakamura,Hi"]
[Result "1/2-1/2"]
[WhiteElo "2749"]
[BlackElo "2799"]

1.d4 Nf6 2.c4 e6 3.Nf3 d5 4.g3 Be7 5.Bg2 O-O 6.O-O dxc4 7.Ne5 Nc6 8.Bxc6 bxc6
9.Nxc6 Qe8 10.Nxe7+ Qxe7 11.Qc2 e5 12.dxe5 Qxe5 13.Bf4 Qh5 14.Nc3 Nd5 15.Nxd5 Qxd5
16.Rfd1 Qc6 17.Rd4 Bh3 18.f3 Be6 19.Rad1 Qb6 20.Qc3 f6 21.Kg2 Rae8 22.R1d2 a5
23.g4 a4 24.Bg3 Qc5 25.Re4 Rf7 26.Qe3 Qxe3 27.Rxe3 Rfe7 28.Bf2 Kf7 29.Rc3 Rb8
30.Rcc2 Rb5  1/2-1/2

[Event "KM FIDE GP 2015"]
[Site "Khanty-Mansiysk RUS"]
[Date "2015.05.21"]
[Round "7.4"]
[White "Nakamura,Hi"]
[Black "Vachier Lagrave,M"]
[Result "1-0"]
[WhiteElo "2799"]
[BlackElo "2754"]

1.d4 Nf6 2.Bf4 b6 3.c4 Bb7 4.Nc3 e6 5.a3 d5 6.e3 Bd6 7.Bg5 h6 8.Bxf6 Qxf6
9.cxd5 exd5 10.Qa4+ Kf8 11.g3 c6 12.Bg2 g6 13.Nge2 Kg7 14.O-O Qd8 15.e4 dxe4
16.Nxe4 Re8 17.Rad1 Na6 18.N2c3 Nc7 19.Nc5 bxc5 20.dxc5 Nd5 21.cxd6 Qxd6
22.Ne4 Qe5 23.Rc1 Nb6 24.Qb4 Rad8 25.Nc5 Rd4 26.Qc3 Bc8 27.Rce1  1-0

[Event "KM FIDE GP 2015"]
[Site "Khanty-Mansiysk RUS"]
[Date "2015.05.24"]
[Round "9.3"]
[White "Nakamura,Hi"]
[Black "Grischuk,A"]
[Result "1/2-1/2"]
[WhiteElo "2799"]
[BlackElo "2780"]

1.d4 Nf6 2.c4 g6 3.Nc3 d5 4.cxd5 Nxd5 5.e4 Nxc3 6.bxc3 Bg7 7.Qa4+ Qd7 8.Qa3 O-O
9.Nf3 b6 10.Bd3 c5 11.O-O Nc6 12.Bb5 cxd4 13.cxd4 a6 14.Be3 Bb7 15.Be2 e6
16.Qb3 b5 17.a4 Na7 18.Ne5 Qd6 19.Bf3 Nc6 20.Nxc6 Bxc6 21.Rac1 Rac8 22.d5 Bd7
23.axb5 axb5 24.g3 exd5 25.exd5 h5 26.Bd2 Rxc1 27.Rxc1 Ra8 28.Bb4 Qe5 29.h4 Ra1
30.Rxa1 Qxa1+ 31.Kg2  1/2-1/2

[Event "KM FIDE GP 2015"]
[Site "Khanty-Mansiysk RUS"]
[Date "2015.05.25"]
[Round "10.5"]
[White "Caruana,F"]
[Black "Nakamura,Hi"]
[Result "1/2-1/2"]
[WhiteElo "2803"]
[BlackElo "2799"]

1.e4 c5 2.Nf3 d6 3.d4 cxd4 4.Nxd4 Nf6 5.Nc3 g6 6.Be3 Bg7 7.f3 O-O 8.Qd2 Nc6
9.O-O-O d5 10.exd5 Nxd5 11.Nxc6 bxc6 12.Bd4 Bxd4 13.Qxd4 Qb6 14.Na4 Qc7 15.Bc4 Nb6
16.Bb3 Nxa4 17.Qxa4 c5 18.Rhe1 e6 19.Qe4 Ba6 20.Bxe6 Bb7 21.Bd5 Bxd5 22.Qxd5 Qxh2
23.Qg5 Rfe8 24.Rh1 Qe5 25.Qxe5 Rxe5 26.Rd7 h5 27.g4 hxg4 28.fxg4 Re4 29.Rf1 Rf8
30.Rxa7 Rxg4 31.Rc7 c4 32.Kd2 f5 33.a4 c3+ 34.Kxc3 Rxa4 35.b4 Rb8 36.Rd1 Raxb4
37.Rdd7 Rg4 38.Rg7+ Kh8 39.Rh7+ Kg8 40.Rhg7+ Kh8 41.Rh7+  1/2-1/2

[Event "KM FIDE GP 2015"]
[Site "Khanty-Mansiysk RUS"]
[Date "2015.05.26"]
[Round "11.2"]
[White "Nakamura,Hi"]
[Black "Jakovenko,D"]
[Result "1/2-1/2"]
[WhiteElo "2799"]
[BlackElo "2738"]

1.d4 Nf6 2.c4 e6 3.Nc3 Bb4 4.Qc2 d6 5.a3 Bxc3+ 6.Qxc3 O-O 7.Bg5 Nbd7 8.e3 b6
9.Ne2 Ba6 10.Rd1 h6 11.Bxf6 Nxf6 12.Ng3 c5 13.Be2 Qc7 14.O-O Rac8 15.Rc1 cxd4
16.Qxd4 Rfd8 17.Qd2 Qb8 18.Rfd1 d5 19.cxd5 Rxd5 20.Qe1 Rxc1 21.Rxc1 Bxe2
22.Qxe2 Qd8 23.h3 Rd3 24.Nh5 Nxh5 25.Qxh5 Rd2 26.Qe5 Rxf2 27.Kxf2 Qd2+ 28.Kf3 Qxc1
29.Qb8+ Kh7 30.Qxa7 Qf1+ 31.Kg3 Qe1+ 32.Kh2 Qxe3 33.Qxf7 b5 34.Qd7 Qf4+ 35.Kg1 Qc1+
36.Kh2 Qf4+ 37.Kg1 Qc4 38.Qd1  1/2-1/2

[Event "3rd Norway Chess 2015"]
[Site "Stavanger NOR"]
[Date "2015.06.16"]
[Round "1.4"]
[White "Nakamura,Hi"]
[Black "Hammer,J"]
[Result "1-0"]
[WhiteElo "2802"]
[BlackElo "2677"]

1.c4 e5 2.g3 Nf6 3.Bg2 d5 4.cxd5 Nxd5 5.Nf3 Nc6 6.O-O Nb6 7.b3 Be7 8.Bb2 f6
9.d4 e4 10.Ne1 f5 11.f3 exf3 12.Nxf3 Nd5 13.Qd3 O-O 14.e3 Be6 15.a3 Qd7 16.Nbd2 Rad8
17.Rac1 Nb6 18.b4 a6 19.Nb3 Na4 20.Ba1 Bd5 21.Nbd2 Qe6 22.Rfe1 Nb6 23.e4 fxe4
24.Nxe4 Qg6 25.Qe2 Rfe8 26.Ne5 Nxe5 27.dxe5 c6 28.Bd4 Nd7 29.Bf3 Rf8 30.Bh5 Qh6
31.Be3 Qe6 32.Bf4 a5 33.Ng5 Qf5 34.Bg4 Qg6 35.Bh5 Qf5 36.e6 Nf6 37.Bf7+ Kh8
38.Rf1 Ne4 39.Nxe4 Qxe4 40.Qxe4 Bxe4 41.Be3 axb4 42.Bc5 Rd2 43.Rfe1 Bxc5+
44.Rxc5 Rg2+ 45.Kf1 b3 46.Rxe4 b2 47.Re1 Rxh2 48.Rce5 Rh1+ 49.Kg2 b1=Q 50.Rxb1 Rxb1
51.e7 Ra8 52.e8=R+ Rxe8 53.Rxe8+  1-0

[Event "3rd Norway Chess 2015"]
[Site "Stavanger NOR"]
[Date "2015.06.18"]
[Round "3.1"]
[White "Nakamura,Hi"]
[Black "Caruana,F"]
[Result "1-0"]
[WhiteElo "2802"]
[BlackElo "2805"]

1.Nf3 Nf6 2.c4 c5 3.Nc3 Nc6 4.g3 d5 5.cxd5 Nxd5 6.Bg2 g6 7.O-O Bg7 8.Nxd5 Qxd5
9.d3 O-O 10.Be3 Bd7 11.Nd4 Qd6 12.Nxc6 Bxc6 13.Bxc6 Qxc6 14.Rc1 Qa6 15.Qb3 b6
16.Rc4 Rfd8 17.Rfc1 Rd7 18.a3 Rad8 19.Rf4 Bf6 20.h4 Qb7 21.Rc2 Qb8 22.Rf3 Rd5
23.Bg5 Qd6 24.Bxf6 exf6 25.Qa4 a5 26.Qf4 f5 27.Qxd6 R8xd6 28.Rf4 Rd4 29.Rxd4 Rxd4
30.Kg2 Kg7 31.Rc3 Kf6 32.e3 Rd6 33.Kf3 Ke5 34.a4 Kd5 35.Ke2 Rd7 36.Kd2 h6
37.Rc1 Kc6 38.Kc3 b5 39.axb5+ Kxb5 40.b3 g5 41.hxg5 hxg5 42.Rh1 Ra7 43.Rh7 f4
44.gxf4 gxf4 45.e4 a4 46.bxa4+ Rxa4 47.Rxf7 Ra3+ 48.Kd2 Ra2+ 49.Ke1 Ra3 50.Ke2 Ra2+
51.Kf3 Rd2 52.Rd7 Kc6 53.Rd5 Kb6 54.e5 Kc6 55.Rd8 Kc7 56.Rd6  1-0

[Event "3rd Norway Chess 2015"]
[Site "Stavanger NOR"]
[Date "2015.06.21"]
[Round "5.3"]
[White "Nakamura,Hi"]
[Black "Anand,V"]
[Result "1/2-1/2"]
[WhiteElo "2802"]
[BlackElo "2804"]

1.d4 Nf6 2.c4 e6 3.Nc3 Bb4 4.Qc2 O-O 5.a3 Bxc3+ 6.Qxc3 d5 7.e3 b6 8.cxd5 exd5
9.Bd3 Ba6 10.Bxa6 Nxa6 11.Qd3 Qc8 12.Ne2 c5 13.b3 cxd4 14.exd4 Nc7 15.O-O Ne6
16.Bd2 Qd7 17.f3 Rac8 18.a4 Rc6 19.Rfc1 Rxc1+ 20.Rxc1 Rc8 21.Ra1 Ne8 22.Nc3 Rc6
23.a5 N8c7 24.f4 g6 25.axb6 axb6 26.Ra7 Ng7 27.Na2 Nge8 28.f5 Qxf5 29.Qxf5 gxf5
30.Nb4 Re6 31.Bf4 Nb5 32.Ra8 Nxd4 33.Nxd5 Kg7 34.Bd2 Rd6 35.Rxe8 Rxd5 36.Bc3 f6
37.Kf1 Nxb3 38.Re7+ Kg6 39.Re6 Nd2+ 40.Bxd2 Rxd2 41.Rxb6 Ra2 42.Rb4 Rd2 43.Ra4 Rb2
44.Rc4 Rd2 45.Ra4  1/2-1/2

[Event "3rd Norway Chess 2015"]
[Site "Stavanger NOR"]
[Date "2015.06.22"]
[Round "6.1"]
[White "Carlsen,M"]
[Black "Nakamura,Hi"]
[Result "1/2-1/2"]
[WhiteElo "2876"]
[BlackElo "2802"]

1.d4 d5 2.c4 e6 3.Nf3 Nf6 4.Nc3 Be7 5.Bg5 h6 6.Bh4 O-O 7.e3 Ne4 8.Bxe7 Qxe7
9.Rc1 c6 10.Qc2 Nxc3 11.Qxc3 dxc4 12.Bxc4 b6 13.O-O Nd7 14.Rfd1 Bb7 15.h3 c5
16.d5 exd5 17.Bxd5 Bxd5 18.Rxd5 Nf6 19.Rd3 Rad8 20.Rcd1 Rxd3 21.Qxd3 Rc8
22.a4 c4 23.Qc2 Qe4 24.Nd4 c3 25.Qb3 Qd5 26.Qc2 Qe4 27.Qxe4 Nxe4 28.b3 Nd2
29.Rc1 a5 30.Rc2 Nb1 31.Rc1 Nd2 32.Rc2 Nb1 33.Nb5 Kf8 34.f3 Rd8 35.Nd4 Rc8
36.Rc1 Na3 37.Nc2 Nxc2 38.Rxc2 Rc5 39.Kf2 b5 40.axb5 Rxb5 41.Rxc3 g6 42.f4 h5
43.Rc8+ Kg7 44.Ra8 Rxb3 45.Rxa5 Rb2+ 46.Kf3 Rb3 47.Ra7 Rc3 48.Re7 Rb3 49.Kg3 Rb2
50.Kf3 Rb3 51.g4 hxg4+ 52.hxg4 Rb1 53.Rd7 Rf1+ 54.Ke4 Rg1 55.g5 Ra1 56.Ke5 Ra3
57.e4 Ra5+ 58.Kd6 Ra6+ 59.Ke5 Ra5+ 60.Rd5 Ra4 61.Rc5 Ra1 62.Rc2 Rf1 63.Rc7 Re1
64.Ra7 Rg1 65.Ra4 Rf1 66.Ra6 Re1 67.Kd4 Rd1+ 68.Ke3 Re1+ 69.Kf3 Rf1+ 70.Kg3 Re1
71.e5 Re3+ 72.Kf2 Rb3 73.Rd6 Ra3 74.Rd8 Rc3 75.Ke2 Ra3 76.Rd3 Ra1 77.Ke3 Re1+
78.Kd4 Rf1 79.Ke4 Ra1 80.Rd7 Ra4+ 81.Rd4 Ra5 82.Rc4 Kf8 83.Rc8+ Kg7 84.Rc7 Kf8
85.Kd4 Ra4+ 86.Rc4 Ra5 87.Rc8+ Kg7 88.e6 fxe6 89.Rc5 Ra7 90.Ke5 Rf7 91.Rc4 Rf5+
92.Kxe6 Kg8 93.Rc8+ Kg7 94.Rc7+ Kg8 95.Rc8+ Kg7  1/2-1/2

[Event "3rd Norway Chess 2015"]
[Site "Stavanger NOR"]
[Date "2015.06.23"]
[Round "7.5"]
[White "Nakamura,Hi"]
[Black "Grischuk,A"]
[Result "1/2-1/2"]
[WhiteElo "2802"]
[BlackElo "2781"]

1.c4 c5 2.Nf3 Nc6 3.Nc3 e5 4.g3 g6 5.Bg2 Bg7 6.a3 Nge7 7.O-O O-O 8.Ne1 d6
9.Nc2 Be6 10.Ne3 Qd7 11.d3 Bh3 12.Rb1 Bxg2 13.Kxg2 f5 14.Ned5 Nxd5 15.Nxd5 Ne7
16.Nc3 h5 17.b4 Rf7 18.f3 e4 19.Bb2 exf3+ 20.Rxf3 Re8 21.bxc5 dxc5 22.Qd2 Qe6
23.Re1 Nc6 24.Nd5 Bxb2 25.Qxb2 Nd4 26.Rf2 b5 27.Qc1 bxc4 28.Qxc4 Nc2 29.Qxc2 Qxd5+
30.Kg1 Rfe7 31.Rc1 Re5 32.Qc4 Qxc4 33.Rxc4 Kg7 34.e4 fxe4 35.dxe4 Rxe4 36.Rxc5 R8e7
37.Ra5 R4e5 38.Ra6 R5e6 39.Ra5 Re5 40.Ra6 R5e6  1/2-1/2

[Event "3rd Norway Chess 2015"]
[Site "Stavanger NOR"]
[Date "2015.06.24"]
[Round "8.4"]
[White "Nakamura,Hi"]
[Black "Vachier Lagrave,M"]
[Result "1/2-1/2"]
[WhiteElo "2802"]
[BlackElo "2723"]

1.e4 c5 2.Nf3 d6 3.d4 cxd4 4.Nxd4 Nf6 5.Nc3 a6 6.Be2 e5 7.Nb3 Be7 8.Qd3 b5
9.a4 b4 10.Nd5 Bb7 11.Nxf6+ Bxf6 12.Bd2 a5 13.c3 bxc3 14.Bxc3 O-O 15.O-O Nc6
16.Rfd1 Re8 17.Bf3 Be7 18.Qb5 Qc8 19.Bg4 Qxg4 20.Qxb7 Rec8 21.Nxa5 Nxa5 22.Qxe7 Nb3
23.f3 Qf4 24.Ra3 Nd4 25.Raa1 Ne2+ 26.Kh1 Nxc3 27.bxc3 h5 28.Qxd6 Rxc3 29.Qd5 Ra6
30.Qb5 Rac6 31.Qf1 h4 32.h3 Rc2 33.Re1 Qd2 34.Red1 Qg5 35.Re1 Qd2 36.Rad1 Qb4
37.Qd3 Kh7 38.Qd8 Rf6 39.Rc1 Qxa4 40.Rxc2 Qxc2 41.Qd1 Qf2 42.Rf1 Qg3 43.Qd7 Rg6
44.Rg1 Rf6 45.Rf1 Rg6 46.Rg1 Rf6 47.Rf1  1/2-1/2

[Event "FIDE World Cup 2015"]
[Site "Baku AZE"]
[Date "2015.09.17"]
[Round "3.1"]
[White "Nepomniachtchi,I"]
[Black "Nakamura,Hi"]
[Result "1/2-1/2"]
[WhiteElo "2705"]
[BlackElo "2814"]

1.d4 d5 2.c4 dxc4 3.e3 e6 4.Bxc4 a6 5.Nf3 c5 6.O-O Nf6 7.dxc5 Qxd1 8.Rxd1 Bxc5
9.b3 b6 10.Bb2 Bb7 11.Nbd2 Nbd7 12.Be2 O-O 13.Rac1 Rfd8 14.Nc4 Bd5 15.Bd4 Rac8
16.Bxc5 Rxc5 17.Nce5 Bxf3 18.Nxf3 Rxc1 19.Rxc1 a5 20.Rc6 Kf8 21.g3 h6 22.Bc4 Rb8
23.Rc7 Ke7 24.Nd4 g5 25.f3 Ra8 26.Bb5 Kd6 27.Rc6+ Ke7 28.Kf2 Ne8 29.Ba4 Kd8
30.f4 Nef6 31.Kf3 g4+ 32.Ke2 Rc8 33.a3 Ne4 34.Rxc8+ Kxc8 35.Bc6 Ndf6 36.Kd3 Nc5+
37.Kc4 Nfe4 38.b4 Nd6+ 39.Kc3 axb4+ 40.axb4 Nce4+  1/2-1/2

[Event "FIDE World Cup 2015"]
[Site "Baku AZE"]
[Date "2015.09.18"]
[Round "3.2"]
[White "Nakamura,Hi"]
[Black "Nepomniachtchi,I"]
[Result "1/2-1/2"]
[WhiteElo "2814"]
[BlackElo "2705"]

1.d4 Nf6 2.c4 g6 3.Nc3 d5 4.cxd5 Nxd5 5.e4 Nxc3 6.bxc3 Bg7 7.Be3 c5 8.Rc1 Qa5
9.Qd2 Nd7 10.Nf3 O-O 11.Bh6 Nf6 12.Bd3 Rd8 13.d5 c4 14.Bb1 e6 15.O-O exd5
16.e5 Ne4 17.Qf4 Bh8 18.Rfe1 Re8 19.Bxe4 dxe4 20.Qxe4 Be6 21.Nd4 Qd5 22.Nxe6 Qxe4
23.Rxe4 Rxe6 24.f4 f6 25.Rxc4 fxe5 26.Rc7 exf4 27.Bxf4 Rf6 28.Be3 Rf7 29.Rxf7 Kxf7
30.c4  1/2-1/2

[Event "FIDE World Cup 2015"]
[Site "Baku AZE"]
[Date "2015.09.19"]
[Round "3.7"]
[White "Nepomniachtchi,I"]
[Black "Nakamura,Hi"]
[Result "1-0"]
[WhiteElo "2705"]
[BlackElo "2814"]

1.c4 Nf6 2.Nc3 g6 3.g3 Bg7 4.Bg2 d6 5.Nf3 O-O 6.O-O Nc6 7.Rb1 e5 8.b4 Be6
9.d3 h6 10.b5 Ne7 11.a4 Qd7 12.Ba3 Rfe8 13.Nd2 Rab8 14.a5 b6 15.Nde4 Nh7
16.axb6 axb6 17.Bb2 f5 18.Nd2 Nf6 19.Ra1 d5 20.cxd5 Nexd5 21.Nxd5 Bxd5 22.Bxd5+ Qxd5
23.Qb3 Qxb3 24.Nxb3 e4 25.dxe4 Rxe4 26.Nd4 Ne8 27.e3 Nd6 28.Rab1 Nc4 29.Rfc1 Nd2
30.Ra1 Bxd4 31.Bxd4 Nb3 32.Rxc7 Nxa1 33.Bxa1 Ra8 34.Bd4 Re6 35.Rg7+ Kf8 36.Rh7 Ra5
37.Rxh6 Rxb5 38.h4 Kf7 39.Rh7+ Ke8 40.Kg2 Kd8 41.h5 gxh5 42.Rxh5 Kd7 43.g4 Rg6
44.g5 Ke6 45.Rh6 Kf7 46.Rh7+ Kg8 47.Rh8+ Kf7 48.f4 Rb1 49.Rc8 b5 50.Rc5 Ra6
51.Rxf5+ Kg6 52.Rd5 b4 53.Kf3 Rf1+ 54.Ke4 Re6+ 55.Kd3 b3 56.Rb5 Kh5 57.Rxb3 Rd1+
58.Kc4 Kg4 59.Kd5 Re8 60.g6 Kf5 61.g7 Rd8+ 62.Kc4 Ke4 63.Rb5 Rc8+ 64.Rc5 Rc1+
65.Kb3 Rb8+ 66.Ka2 Rg1 67.f5 Kd3 68.Rc3+ Ke4 69.f6 Rf1 70.Rc7 Ra8+ 71.Ra7 Rc8
72.f7 Kd3 73.g8=Q Rc2+ 74.Ka3  1-0

[Event "FIDE World Cup 2015"]
[Site "Baku AZE"]
[Date "2015.09.19"]
[Round "3.6"]
[White "Nepomniachtchi,I"]
[Black "Nakamura,Hi"]
[Result "1-0"]
[WhiteElo "2705"]
[BlackElo "2814"]

1.c4 e5 2.Nc3 Nc6 3.g3 Bc5 4.Bg2 d6 5.e3 a6 6.Nge2 Nge7 7.a3 h5 8.h3 Ba7
9.b4 h4 10.g4 f5 11.gxf5 Bxf5 12.Qb3 Qd7 13.Bb2 Rb8 14.O-O-O Bd3 15.Be4 Bxe4
16.Nxe4 Qf5 17.N2c3 b5 18.cxb5 axb5 19.d3 Kd7 20.Rdg1 g6 21.Rg5 Qe6 22.Qc2 d5
23.Nd2 Rhf8 24.Nd1 Rf5 25.Rg4 Rbf8 26.Rh2 g5 27.Nb3 Kc8 28.Nc5 Bxc5 29.Qxc5 d4
30.Qxb5 dxe3 31.Qa6+ Kd7 32.fxe3 Rf1 33.Rc4 Nd5 34.Re2 R8f3 35.b5 Nce7 36.Kd2 Nb6
37.Rc3 Qd5 38.Qa7 Nc4+ 39.Kc2 Nc8 40.Qb8 e4 41.Rd2 Rxd1 42.Rxd1 Nxe3+ 43.Kb1 Qd6
44.Rdc1 Nd5 45.Rc6 Qh2 46.R6c2 Qf4 47.dxe4 Qxe4 48.Ka1 Nce7 49.Qb7 Re3 50.b6 Re1
51.bxc7 Rxc1+ 52.Rxc1 Nc8 53.Rd1  1-0

[Event "FIDE World Cup 2015"]
[Site "Baku AZE"]
[Date "2015.09.19"]
[Round "3.3"]
[White "Nakamura,Hi"]
[Black "Nepomniachtchi,I"]
[Result "1/2-1/2"]
[WhiteElo "2814"]
[BlackElo "2705"]

1.e4 c5 2.c3 Nf6 3.e5 Nd5 4.Nf3 Nc6 5.Bc4 Nb6 6.Bb3 d5 7.exd6 Qxd6 8.Na3 Be6
9.O-O Bxb3 10.Qxb3 e6 11.d4 Qd7 12.Rd1 cxd4 13.Nxd4 Na5 14.Qb5 Bxa3 15.Qxa5 Bd6
16.Qh5 a6 17.Nf3 Qc7 18.Ng5 g6 19.Qh3 Be7 20.Qh6 Bf8 21.Qh4 Be7 22.Qh6 Bf8
23.Qh3 Be7 24.Qf3 O-O 25.Qh3 h5 26.Be3 Qc6 27.g4 Bxg5 28.Bxg5 f6 29.Be3 Nc4
30.gxh5 Rf7 31.Qg3 g5 32.b3 Ne5 33.Kf1 Kh7 34.h3 Rg8 35.Qg2 Nf3 36.Ke2 Nd4+
37.Kf1 Nf3 38.Ke2 Nd4+ 39.Kf1 Nf3 40.Ke2 Nd4+ 41.Kf1  1/2-1/2

[Event "FIDE World Cup 2015"]
[Site "Baku AZE"]
[Date "2015.09.19"]
[Round "3.4"]
[White "Nepomniachtchi,I"]
[Black "Nakamura,Hi"]
[Result "1/2-1/2"]
[WhiteElo "2705"]
[BlackElo "2814"]

1.d4 Nf6 2.Nf3 e6 3.c4 d5 4.Nc3 Be7 5.Bf4 O-O 6.e3 b6 7.Qc2 Bb7 8.cxd5 Nxd5
9.Nxd5 Qxd5 10.Bd3 h6 11.e4 Qa5+ 12.Bd2 Bb4 13.Rc1 c5 14.dxc5 Nd7 15.c6 Rac8
16.Bxb4 Qxb4+ 17.Qd2 Qxd2+ 18.Kxd2 Bxc6 19.Nd4 Bb7 20.f3 Rfd8 21.Ke3 Nc5
22.Be2 Na4 23.Rxc8 Rxc8 24.Rb1 a6 25.Bd1 Nc5 26.Rc1 Kf8 27.f4 Rd8 28.Bf3 a5
29.Rc3 Ke7 30.a3 g5 31.g3 gxf4+ 32.gxf4 Rg8 33.b4 axb4 34.axb4 Na6 35.Be2 Rc8
36.Rxc8 Bxc8 37.Nc6+ Kd6 38.Ne5 f5 39.Nc4+ Kc7 40.b5 Nc5 41.e5 Ne4 42.Bf3 Nc3
43.Nd6 Bd7 44.Be2 Nxe2 45.Kxe2 Kd8 46.Kf2 Be8 47.Kg3 Bh5 48.Kh4 Be2 49.Kg3 Bh5
50.Kf2 Kc7 51.Ke3 Kd8 52.Nc4 Kc7 53.Kd4 Be8 54.Nd6 Bh5 55.Ke3 Kd8  1/2-1/2

[Event "Millionaire TB B m 2015"]
[Site "Las Vegas USA"]
[Date "2015.10.11"]
[Round "1"]
[White "Kamsky,G"]
[Black "Nakamura,Hi"]
[Result "0-1"]
[WhiteElo "2680"]
[BlackElo "2816"]

1.d4 Nf6 2.Nf3 e6 3.Bf4 d5 4.e3 c5 5.c3 Bd6 6.Bg3 Nc6 7.Nbd2 b6 8.Bb5 Qc7
9.Bxd6 Qxd6 10.Ne5 Bd7 11.Nxd7 Nxd7 12.Qa4 Rc8 13.O-O O-O 14.Rad1 Nf6 15.h3 Ne7
16.Ba6 Rcd8 17.Bd3 Qc7 18.Nf3 Ne8 19.b4 c4 20.Bb1 Nd6 21.Qc2 g6 22.a4 f6
23.Qe2 b5 24.a5 Kg7 25.Rfe1 Ne4 26.Rc1 Qc6 27.Nh2 Nd6 28.Nf3 a6 29.e4 dxe4
30.Bxe4 Nd5 31.Bb1 Rde8 32.Qd2 Re7 33.Nh2 Nf7 34.Re2 Qd6 35.Rce1 Rfe8 36.Nf3 Qf4
37.Qb2 Ng5 38.Nxg5 Qxg5 39.Be4 Nf4 40.Re3 f5 41.Rg3 Qf6 42.Bb1 Nd5 43.Re5 Qh4
44.Rf3 Nf6 45.Qd2 Qh6 46.Qe1 Nd7 47.Re2 Qg5 48.g3 e5 49.Rfe3 e4 50.h4 Qh6
51.f3 Nf6 52.g4 Nd5 53.g5 Qh5 54.fxe4 Nxe3 55.Rxe3 fxe4 56.Bc2 Qg4+ 57.Kh2 Qf4+
58.Kg2 Qg4+ 59.Kh2 Rf8 60.Bd1 Qf4+ 61.Kg2 Ref7 62.Rxe4 Qf2+  0-1

[Event "Millionaire TB Final 2015"]
[Site "Las Vegas USA"]
[Date "2015.10.11"]
[Round "1"]
[White "Nakamura,Hi"]
[Black "So,W"]
[Result "1/2-1/2"]
[WhiteElo "2816"]
[BlackElo "2760"]

1.Nf3 Nf6 2.g3 d5 3.Bg2 c6 4.d3 Bg4 5.Nbd2 Nbd7 6.h3 Bxf3 7.Bxf3 e5 8.O-O Bc5
9.e3 a5 10.e4 O-O 11.Qe2 Re8 12.Bg2 a4 13.a3 Qb6 14.Kh1 Qa6 15.Qf3 Nf8 16.b4 axb3
17.Nxb3 dxe4 18.dxe4 Ne6 19.Bb2 Bd4 20.Nxd4 Nxd4 21.Bxd4 exd4 22.Rfe1 Qa4
23.Qd3 Nd7 24.Qd2 Nc5 25.Qb4 Ra5 26.Rad1 Qxa3 27.Qxd4 Qa4 28.Qc3 Qa3 29.Qd4 Qa4
30.Qc3 Qa3  1/2-1/2

[Event "Millionaire TB B 2015"]
[Site "Las Vegas USA"]
[Date "2015.10.11"]
[Round "1.1"]
[White "Nakamura,Hi"]
[Black "Azarov,S"]
[Result "1-0"]
[WhiteElo "2816"]
[BlackElo "2580"]

1.c4 e6 2.g3 d5 3.Bg2 Nf6 4.Nf3 Be7 5.O-O O-O 6.Qc2 d4 7.e3 Nc6 8.a3 a5 9.d3 e5
10.exd4 Nxd4 11.Nxd4 Qxd4 12.Be3 Qg4 13.Nc3 Qh5 14.Nd5 Nxd5 15.cxd5 Bd6 16.Bc5 Bh3
17.Bxd6 Bxg2 18.Kxg2 cxd6 19.Qc7 Qg6 20.Rad1 b5 21.Qb6 b4 22.axb4 Rfb8 23.Qc6 Rc8
24.Qa4 Qg4 25.d4 Qe4+ 26.Kg1 Qxd5 27.dxe5 Qxe5 28.Rfe1 axb4 29.Rxe5 Rxa4
30.Rxd6 g6 31.Rb6 Rc1+ 32.Kg2 Rc2 33.b3 Raa2 34.Rf6 Kg7 35.Rf4 f5 36.Re7+ Kf6
37.Rxh7 Rab2 38.Rb7 Rxb3 39.Rb6+ Kf7 40.h4 Rc5 41.Rd4 Rc7 42.Rdd6 Rb2 43.Rxg6 Rc5
44.h5 f4 45.h6 fxg3 46.Rg7+  1-0

[Event "Millionaire TB Final 2015"]
[Site "Las Vegas USA"]
[Date "2015.10.11"]
[Round "2"]
[White "So,W"]
[Black "Nakamura,Hi"]
[Result "1/2-1/2"]
[WhiteElo "2760"]
[BlackElo "2816"]

1.e4 e5 2.Nf3 Nc6 3.Bb5 Nf6 4.d3 d6 5.O-O g6 6.d4 exd4 7.e5 dxe5 8.Nxe5 Qd5
9.Qe2 Be7 10.Re1 d3 11.Bxc6+ Qxc6 12.Qxd3 Qd6 13.Qe2 O-O 14.Nc3 Be6 15.Qf3 Nd5
16.Bh6  1/2-1/2

[Event "Millionaire TB B m 2015"]
[Site "Las Vegas USA"]
[Date "2015.10.11"]
[Round "2"]
[White "Nakamura,Hi"]
[Black "Kamsky,G"]
[Result "1/2-1/2"]
[WhiteElo "2816"]
[BlackElo "2680"]

1.d4 d5 2.c4 c6 3.cxd5 cxd5 4.Bf4 Nc6 5.e3 a6 6.Nc3 Nf6 7.Bd3 e6 8.Rc1 Bd6
9.Bxd6 Qxd6 10.Nf3 O-O 11.O-O Bd7 12.Na4 Nb4 13.Bb1 Bxa4 14.Qxa4 Rfc8 15.Ne5 b5
16.Qa5 Ne8 17.Rxc8 Rxc8 18.a3 f6 19.axb4 fxe5 20.dxe5 Qxe5 21.Qxa6 Nd6 22.Bd3 Kf7
23.Bxb5 Rc2 24.Bd3 Rxb2 25.b5 Rb3 26.b6 Qb2 27.Qa7+ Kf6 28.Qc7 Nf7 29.Bxh7 Rxb6
30.Bg8 Nd6 31.Qd8+ Kg6 32.Bxe6 d4 33.exd4 Qxd4 34.Bg4 Rb2 35.Bf3 Qe5 36.Qc7 Rd2
37.Qc1 Qd4 38.Qa1 Qc5 39.Qc1 Qd4 40.Qa1  1/2-1/2

[Event "Millionaire TB B 2015"]
[Site "Las Vegas USA"]
[Date "2015.10.11"]
[Round "2.1"]
[White "Nakamura,Hi"]
[Black "Kamsky,G"]
[Result "1/2-1/2"]
[WhiteElo "2816"]
[BlackElo "2680"]

1.Nf3 Nf6 2.g3 g6 3.d3 Bg7 4.Bg2 c5 5.O-O Nc6 6.e4 d6 7.h3 Rb8 8.a4 a6 9.Nc3 b5
10.axb5 axb5 11.Be3 b4 12.Ne2 Bb7 13.Qd2 Ra8 14.Bh6 O-O 15.Bxg7 Kxg7 16.Rab1 Ra2
17.Nh4 Qb6 18.g4 c4 19.d4 Qa5 20.c3 bxc3 21.Nxc3 Qb4 22.e5 Ng8 23.d5 Nxe5
24.Qd4 Rxb2 25.Rxb2 Qxb2 26.Rb1 Qa3 27.f4 f6 28.Rxb7 Nd3 29.Nf3 Ra8 30.Kh2 Nxf4
31.g5 Nh5 32.gxf6+ Nhxf6 33.Rb1 Nh6 34.Qxc4 Nf5 35.Nd4 Ne3 36.Qb4 Qxb4 37.Rxb4 Rc8
38.Nc6 Nxg2 39.Kxg2 Nxd5 40.Nxd5 Rxc6 41.Rb7 Rc5 42.Nf4 Kf7 43.h4  1/2-1/2

[Event "Millionaire TB B 2015"]
[Site "Las Vegas USA"]
[Date "2015.10.11"]
[Round "3.2"]
[White "Bareev,E"]
[Black "Nakamura,Hi"]
[Result "0-1"]
[WhiteElo "2669"]
[BlackElo "2816"]

1.Nf3 d5 2.d4 c6 3.Bf4 Qb6 4.b3 Nf6 5.e3 Nh5 6.Bg5 h6 7.Bh4 Nd7 8.Ne5 Nxe5
9.Qxh5 Ng4 10.Bg3 g6 11.Qh4 Bg7  0-1